| 000 | 00429nam a2200157 a 4500 | ||
|---|---|---|---|
| 001 | 12375 | ||
| 005 | 20180713200631.0 | ||
| 008 | 140415s1973 sp 000 0 spa d | ||
| 041 | _aspa | ||
| 082 |
_a711 _bCIE |
||
| 245 | 0 | 0 | _aIMPERIALISMO Y URBANIZACION EN AMERICA LATINA |
| 250 | _a1a ed. | ||
| 260 |
_aESPAÑA : _bG.GILI, _c1973 |
||
| 490 |
_aCIENCIA URBANISTICA _v12 |
||
| 650 | 1 | 4 |
_aURBANISMO _xAMERICA LATINA |
| 999 |
_c12375 _d12375 |
||